Detalles MARC
| 000 -ENCABEZADO |
| Número de control [NR] |
02599cam a2200421 a 4500 |
| 001 - NÚMERO DE CONTROL |
| control field |
ocn316736597 |
| 005 - FECHA Y HORA DE LA ÚLTIMA TRANSACCIÓN |
| control field |
20170417092721.0 |
| 008 - DE LONGITUD FIJA DE DATOS DE ELEMENTOS - INFORMACIÓN GENERAL |
| Elementos de longitud fija [NR] |
170417s2010 xxua frb 001 0 eng d |
| 010 ## - NUMERO DE CONTROL DE LA BIBLIOTECA DEL CONGRESO (LC) [NR] |
| Número de control LC [NR] |
2009010312 |
| 015 ## - NUMERO DE BIBLIOGRAFIA NACIONAL [R] |
| Número de bibliografía nacional [R] |
GBA951584 |
| Fuente [NR] |
bnb |
| 016 7# - NUMERO DE CONTROL DE AGENCIA BIBLIOGRAFICA NACIONAL [R] |
| Número de control [NR] |
015265582 |
| Fuente [NR] |
Uk |
| 020 ## - NUMERO INTERNACIONAL NORMALIZADO PARA LIBROS [R] |
| Número Internacional Normalizado del libro [NR] |
9780415806053 |
| 020 ## - NUMERO INTERNACIONAL NORMALIZADO PARA LIBROS [R] |
| ISBN Cancelado/ Invalidado [R] |
0415806054 |
| 020 ## - NUMERO INTERNACIONAL NORMALIZADO PARA LIBROS [R] |
| Número Internacional Normalizado del libro [NR] |
9780415806060 |
| 020 ## - NUMERO INTERNACIONAL NORMALIZADO PARA LIBROS [R] |
| ISBN Cancelado/ Invalidado [R] |
0415806062 |
| 020 ## - NUMERO INTERNACIONAL NORMALIZADO PARA LIBROS [R] |
| Número Internacional Normalizado del libro [NR] |
9780203870730 |
| 020 ## - NUMERO INTERNACIONAL NORMALIZADO PARA LIBROS [R] |
| ISBN Cancelado/ Invalidado [R] |
0203870735 |
| 035 ## - NUMERO DE CONTROL DEL SISTEMA [R] |
| Número de control del sistema [NR] |
(OCoLC)316736597 |
| Numero Cancelado/no válido [R] |
(OCoLC)615364118 |
| 040 ## - FUENTE DE CATALOGACION [NR] |
| Agencia de catalogación original [NR] |
Co-BoUCM |
| Idioma de catalogación [NR] |
spa |
| Quien Cataloga |
Saul Niño |
| Quien Clasifica |
Saul Niño |
| -- |
Aldemar Mondragón |
| -- |
Aldemar Mondragón (modificó) |
| -- |
Edgar Pinilla (modificó) |
| -- |
Edgar Pinilla |
| -- |
Luz Cupitra |
| -- |
David Avila |
| 041 0# - CODIGO DE IDIOMA [R] |
| Código de idioma para texto/pista de sonido o título separado [R] |
Inglés |
| 100 1# - ASIENTO PRINCIPAL--NOMBRE PERSONAL [NR] |
| Nombre personal [NR] |
Nation, I. S. P. |
| Forma más completa del nombre [NR] |
Paul Nation |
| ID Autoridad |
85162 |
| 245 10 - MENCION DE TITULO [NR] |
| Título [NR] |
Language curriculum design |
| Mención de responsabilidad, etc. [NR] |
I.S.P. Nation y John Macalister |
| 260 ## - PUBLICACION, DISTRIBUCION, ETC. (PIE DE IMPRENTA) [R] |
| Lugar de publicación, distribución, etc. [R] |
New York (Estados Unidos) |
| -- |
Londres (Inglaterra) |
| Nombre del editor, distribuidor, etc. [R] |
Routledge |
| Fecha de publicación, distribución, etc. [R] |
2010 |
| 300 ## - DESCRIPCION FISICA [R] |
| Extensión [R] |
xvi, 224 páginas |
| Otros detalles físicos [NR] |
ilustraciones |
| 490 0# - MENCION DE SERIE [R] |
| Mención de serie [R] |
ESL & applied linguistics professional series |
| 504 ## - NOTA DE BIBLIOGRAFIA, ETC. [R] |
| Nota de bibliografía, etc. [NR] |
Incluye referencias bibliográficas e índices |
| 505 0# - NOTA DE CONTENIDO CON FORMATO PREESTABLECIDO [R] |
| Nota de contenido con formato preestablecido [NR] |
Language curriculum design: an overview -- Environment analysis -- Needs analysis -- Principles -- Goals, content and sequencing -- Format and presentation -- Monitoring and assessment -- Evaluation -- Approaches to curriculum design -- Negotiated syllabuses -- Adopting and adapting an existing course book -- Introducing change -- Planning an in-service course -- Teaching and curriculum design. |
| 520 ## - NOTA DE RESUMEN, ETC. [R] |
| Nota de sumario, etc. [NR] |
This text describes the steps involved in the curriculum design process, elaborates and justifies these steps, and provides opportunities for practicing and applying them. The description of the steps is done at a general level so that they can be applied in a wide range of particular circumstances. The process comes to life through plentiful examples of actual applications of the steps. Each chapter includes: examples from the authors' experience and from published research; tasks that encourage readers to relate the steps to their own experience; and case studies and suggestions for further reading that put readers in touch with others' experience. --From publisher's description. |
| 546 ## - NOTA DE IDIOMA [R] |
| Nota de idioma [NR] |
Texto en inglés |
| 650 #7 - ASIENTO SECUNDARIO DE MATERIA - TERMINO TEMATICO [R] |
| Término temático o nombre geográfico como elemento de entrada [NR] |
Inglés |
| Subdivisión general [R] |
Enseñanza |
| 9 (RLIN) |
7745 |
| 650 #7 - ASIENTO SECUNDARIO DE MATERIA - TERMINO TEMATICO [R] |
| Término temático o nombre geográfico como elemento de entrada [NR] |
Inglés técnico |
| Subdivisión general [R] |
Enseñanza |
| 9 (RLIN) |
17660 |
| 650 #7 - ASIENTO SECUNDARIO DE MATERIA - TERMINO TEMATICO [R] |
| Término temático o nombre geográfico como elemento de entrada [NR] |
Inglés gramática |
| 9 (RLIN) |
17659 |
| 650 #7 - ASIENTO SECUNDARIO DE MATERIA - TERMINO TEMATICO [R] |
| Término temático o nombre geográfico como elemento de entrada [NR] |
Profesores universitarios |
| Subdivisión general [R] |
Enseñanza |
| 9 (RLIN) |
22476 |
| 690 #0 - ASUNTO AGREGADO LOCAL DE ENTRADA - TÉRMINO TEMÁTICO (OCLC, RLIN) |
| Acceso temático local |
Lingüística aplicada |
| 9 (RLIN) |
439 |
| 700 1# - ASIENTO SECUNDARIO - NOMBRE PERSONAL [R] |
| Nombre personal [NR] |
Macalister, John |
| Fechas asociadas con el nombre [NR] |
1956- |
| 9 (RLIN) |
85163 |
| 942 ## - ELEMENTOS DE ENTRADA AGREGADOS (KOHA) |
| Sistema de clasificación |
DEWEY |
| Tema principal |
Lingüística |
| Tipo de ítem principal el descrito en 300a |
Libro de reserva |
| Edición |
1 |
| Clasificación |
428 |
| Parte restante de la signatura top. |
N277la |